| 000 | 00362pam a2200157a 44500 | ||
|---|---|---|---|
| 008 | 230515b1994 xxu||||| |||| 00| 0 eng d | ||
| 020 | _aNULL | ||
| 041 | _aENGLISH | ||
| 082 | _aN.D. | ||
| 100 | _aQualline Steve | ||
| 245 | _aWindows Programming With Borland C++ | ||
| 250 | _a0 | ||
| 260 |
_aNULL _bBPB Pub. House _c1994 |
||
| 300 | _a572 | ||
| 650 | _aNULL | ||
| 999 |
_c576081 _d576081 |
||